Statistics for Most Visited Cities in the World By Pictures

Click here to take the quiz!

General Stats

  • This quiz has been taken 101 times
  • The average score is 19 of 30

Answer Stats

Answer% Correct
Paris
100%
London
99%
New York
98%
Rome
93%
Dubai
92%
Los Angeles
91%
Tokyo
89%
Barcelona
88%
Amsterdam
85%
Kuala Lumpur
76%
Istanbul
75%
Singapore
74%
Milan
72%
Shanghai
72%
Berlin
70%
Toronto
66%
Bangkok
62%
Hong Kong
61%
Madrid
60%
Vienna
54%
Taipei
52%
Prague
49%
Munich
47%
Miami
43%
Seoul
43%
Dublin
36%
Mumbai
28%
Osaka
25%
Johannesburg
14%
Chennai
7%

Score Distribution

Percentile by Number Answered

Percent of People with Each Score

Your Score History

You have not taken this quiz